ON RATIONAL PARAMETERIZATION OF DUPIN CYCLIDES

Bibliographic Details
Main Author: Vršek, Jan (Author)
Format: Article
Language:English

MARC

LEADER 00000nab a2200000ua 4500
001 vtls010778397
003 SK-MaSNL
005 20260303153206.0
008 230222s2008 xo |||||||||||||||||eng|
035 |a (urnnbn)urn:nbn:sk:snk:ar-a03u57 
035 |a (uuid)525787cf-1de8-498f-ae0e-7a0ceb51fcf6 
035 |a urn:nbn:sk:snk-ab5exx 
040 |a SNKBUCL  |b slo  |c SNKBUCL  |e AACR2 
041 0 |a eng 
044 |a xo  |c SK 
100 1 |a Vršek, Jan  |4 aut  |9 1174700 
245 1 0 |a ON RATIONAL PARAMETERIZATION OF DUPIN CYCLIDES  |c Jan Vršek 
773 0 |t Aplimat : journal of applied mathematics  |g Roč. 1, č. 2 (2008), s. [51]-58 
958 |a OND 
958 |a EUIPO 
958 |a article3 
999 |c 2027113  |d 2029043